Liste de consoles de jeux vidéo Sixième génération (1998-2005) - Statistiques

Statistiques générales
  • Ce quiz a été pris 11 fois
  • Le résultat moyen est 10 sur 30
Statistiques - réponses
Nom de la console Date Constructeur Type de quiz % Correct
9 Nintendo GameCube 2001 Nintendo Console
100%
12 Panasonic Q | Q Game Boy Player 2001 Nintendo / Panasonic Console
100%
25 Game Boy Advance 2001 Nintendo Console portable
88%
26 Game Boy Advance SP 2003 Nintendo Console portable
88%
27 Game Boy Micro 2005 Nintendo Console portable
88%
13 PlayStation 2 2000 Sony Console
88%
15 PSX 2003 Sony Console
75%
23 Xbox 2001 Microsoft Console
75%
5 Atari Flashback 2004 Atari, Inc. Console dédiée
63%
6 Dreamcast 1998 Sega Console
63%
14 PlayStation 2 Slim 2004 Sony Console
50%
30 Buzztime Home Trivia System 2005 NTN Buzztime Console
25%
2 WonderSwan Color 2000 Bandai Console portable
25%
11 IQue Player 2003 Nintendo Console
13%
1 Neo-Geo Pocket Color 1999 SNK Console portable
13%
17 N-Gage 2003 Nokia Console portable
13%
19 V.Smile 2005 VTech Console
13%
7 Advanced Pico Beena 2005 Sega Console
0%
4 ApeXtreme Annulée Apex Digital Console
0%
22 GameKing 2003 Time top Console portable
0%
29 GoGo TV Video Vision 2005 Manley Console
0%
16 GP32 2002 Game Park Console portable
0%
8 L600 Annulée Indrema Console
0%
28 Leapster TV 2005 LeapFrog Console
0%
18 N-Gage QD 2004 Nokia Console portable
0%
10 Nuon 2000 VM Labs Console
0%
24 Pokémon Mini 2001 Nintendo Console portable
0%
3 SwanCrystal 2002 Bandai Console portable
0%
21 XaviXPort gaming console 2004 SSD Company Console
0%
20 Zodiac 2003 Tapwave Console portable
0%
Aucun quiz correspondant
Distribution des résultats
% des personnes avec chaque résultat
Percentile par nombre de réponses
Votre historique - résultats
Vous n’avez pas pris ce quiz